000 00420nam a2200145 a 4500
001 000033482
005 20200930070305.0
008 110830s1939 dr 000 p spa d
040 _aDO-SdBNP
_bspa
_cBNPHU
082 _axxxx
_bA473
100 1 _aAlvarez Savigñon, Dora
_959010
245 1 0 _aDoral. :
_b(poesías) /
_cDora Alvarez Savigñon.
260 _a[Santo Domingo], :
_bAlvarez,
_c1939.
300 _a[31] p. ;
_c15 cm.
999 _c32973
_d32973